00306nam a2200133Ia 4500008004100000100002100041245003100062260001400093260000900107300000800116546001200124690001900136999001700155170620s9999 xx 000 0 und d aSINGH - BHANDARI 0aTEXT BOOK OF PHARMACOGNOSY bCBS DELHI c2005 a230 aEnglish a PHARMACOGNOSY c30748d30748